000 00736nam a22002297a 4500
003 UA-OsUOA
001 67056
007 ta
008 20100209b un ||||| |||| 00| 0 ukr d
100 _aТибінь А.М.
700 _aВербіцька І.І.
090 _a330(477)
_bТ39
942 _cSA
040 _aUA-OsUOA
_bukr
_cUA-OsUOA
_dUA-OsUOA
245 _aСутність і класифікація економічного ризику в зовнішньоекономіній діяльності підприємитв
300 _aС.143-148
955 _a0
041 _aukr
080 _a330(477)
773 0 _w67046
_tЕкономіка АПК
_dК.
_d2010
_g1
650 7 _a330 Економіка взагалі
_2UDC
999 _c353045
_d353045